000 01073cam a2200289 i 4500
001 768714001
003 CO-MdBIC
005 20231130103602.0
008 231130t1975 -us||||| |||| 00| 0 eng d
020 _a0-85151-222-4
040 _bspa.
_aCO-MdFUSB
_cCO-MdFUSB
_dCO-MdFUSBC
_erda
041 _aeng
082 0 4 _aG 231.3 V364g (PR)
100 1 _aVaughan, C. R.
245 1 0 _aThe gifts of the holy spirit : To unbelievers and believers / C. R. Vaughan
_c/
264 1 _aPennsylvania : The Banner of Truth Trust
_bThe Banner of Truth Trust,
_c[1975]
264 4 _c©1975
300 _a415 Pag
_c;
336 _atexto
_btxt
_2rdacontent
337 _2rdamedia
_asin mediación
_bn
338 _2rdacarrier
_avolumen
_bnc
500 _aColección Profesor Manuel Reaño 1 ej. \ Libro en ingles
505 0 0 _aRetención de la depravación y moldamiento de la naturaleza moral / La naturaleza de la regeración -- Dondes a los creyentes -- El sello del Espíritu -- El amor del Espíritu...
650 1 0 _aEspíritu Santo
_950
942 _cBK
945 _ajohan1477
999 _c41605
_d41605